<?xml version="1.0" encoding="UTF-8"?>
<record
    xmlns:xsi="http://www.w3.org/2001/XMLSchema-instance"
    xsi:schemaLocation="http://www.loc.gov/MARC21/slim http://www.loc.gov/standards/marcxml/schema/MARC21slim.xsd"
    xmlns="http://www.loc.gov/MARC21/slim">

  <leader>00665    a2200145   4500</leader>
  <controlfield tag="005">20250711115609.0</controlfield>
  <datafield tag="020" ind1=" " ind2=" ">
    <subfield code="a">978-1-911040-09-5</subfield>
  </datafield>
  <datafield tag="082" ind1=" " ind2=" ">
    <subfield code="a">657.3 IFR</subfield>
  </datafield>
  <datafield tag="111" ind1=" " ind2=" ">
    <subfield code="a">IFRS</subfield>
  </datafield>
  <datafield tag="245" ind1=" " ind2=" ">
    <subfield code="a">International Financial Reporting Standard for Small and Medium-sized Entities (IFRS for SMEs): Basis for Conclusions Illustrative Financial Statements, Part B.</subfield>
  </datafield>
  <datafield tag="260" ind1=" " ind2=" ">
    <subfield code="a">London, </subfield>
    <subfield code="b">IFRS Foundation, </subfield>
    <subfield code="c">2015. </subfield>
  </datafield>
  <datafield tag="300" ind1=" " ind2=" ">
    <subfield code="a">164p.: ill.; table. </subfield>
    <subfield code="c">25cm. </subfield>
  </datafield>
  <datafield tag="856" ind1=" " ind2=" ">
    <subfield code="y">Access online book</subfield>
    <subfield code="f">International Financial Reporting Standard for Small and Medium-sized Entities (IFRS for SMEs): Basis for Conclusions Illustrative Financial Statements</subfield>
    <subfield code="d">www.ifrs.org </subfield>
  </datafield>
  <datafield tag="942" ind1=" " ind2=" ">
    <subfield code="2">ddc</subfield>
    <subfield code="c">BKS</subfield>
  </datafield>
  <datafield tag="999" ind1=" " ind2=" ">
    <subfield code="c">6674</subfield>
    <subfield code="d">6674</subfield>
  </datafield>
  <datafield tag="952" ind1=" " ind2=" ">
    <subfield code="r">2025-07-11 11:39:56</subfield>
    <subfield code="l">0</subfield>
    <subfield code="o">657.3 IFR</subfield>
    <subfield code="p">00000013732</subfield>
    <subfield code="v">45000.00</subfield>
    <subfield code="w">2025-07-11</subfield>
    <subfield code="y">BKS</subfield>
    <subfield code="1">0</subfield>
    <subfield code="2">ddc</subfield>
    <subfield code="4">0</subfield>
    <subfield code="7">0</subfield>
    <subfield code="0">0</subfield>
    <subfield code="a">CBEML</subfield>
    <subfield code="b">CBEML</subfield>
    <subfield code="c">GEN</subfield>
    <subfield code="d">2025-06-26</subfield>
    <subfield code="g">15000.00</subfield>
  </datafield>
  <datafield tag="952" ind1=" " ind2=" ">
    <subfield code="r">2025-07-11 11:39:56</subfield>
    <subfield code="l">0</subfield>
    <subfield code="o">657.3 IFR</subfield>
    <subfield code="p">00000013733</subfield>
    <subfield code="v">45000.00</subfield>
    <subfield code="w">2025-07-11</subfield>
    <subfield code="y">BKS</subfield>
    <subfield code="1">0</subfield>
    <subfield code="2">ddc</subfield>
    <subfield code="4">0</subfield>
    <subfield code="7">0</subfield>
    <subfield code="0">0</subfield>
    <subfield code="a">CBEML</subfield>
    <subfield code="b">CBEML</subfield>
    <subfield code="c">GEN</subfield>
    <subfield code="d">2025-06-26</subfield>
    <subfield code="g">15000.00</subfield>
  </datafield>
  <datafield tag="952" ind1=" " ind2=" ">
    <subfield code="r">2025-07-11 11:39:56</subfield>
    <subfield code="l">0</subfield>
    <subfield code="o">657.3 IFR</subfield>
    <subfield code="p">00000013734</subfield>
    <subfield code="v">45000.00</subfield>
    <subfield code="w">2025-07-11</subfield>
    <subfield code="y">BKS</subfield>
    <subfield code="1">0</subfield>
    <subfield code="2">ddc</subfield>
    <subfield code="4">0</subfield>
    <subfield code="7">0</subfield>
    <subfield code="0">0</subfield>
    <subfield code="a">CBEML</subfield>
    <subfield code="b">CBEML</subfield>
    <subfield code="c">GEN</subfield>
    <subfield code="d">2025-06-26</subfield>
    <subfield code="g">15000.00</subfield>
  </datafield>
  <datafield tag="952" ind1=" " ind2=" ">
    <subfield code="r">2025-07-11 11:51:25</subfield>
    <subfield code="l">0</subfield>
    <subfield code="o">657.3 IFR</subfield>
    <subfield code="p">00000013737</subfield>
    <subfield code="v">45000.00</subfield>
    <subfield code="w">2025-07-11</subfield>
    <subfield code="y">BKS</subfield>
    <subfield code="1">0</subfield>
    <subfield code="2">ddc</subfield>
    <subfield code="4">0</subfield>
    <subfield code="7">0</subfield>
    <subfield code="0">0</subfield>
    <subfield code="a">CBEML</subfield>
    <subfield code="b">CBEML</subfield>
    <subfield code="c">GEN</subfield>
    <subfield code="d">2025-06-26</subfield>
    <subfield code="g">15000.00</subfield>
  </datafield>
  <datafield tag="952" ind1=" " ind2=" ">
    <subfield code="r">2025-07-11 11:53:07</subfield>
    <subfield code="l">0</subfield>
    <subfield code="o">657.3 IFR </subfield>
    <subfield code="p">00000013739</subfield>
    <subfield code="v">45000.00</subfield>
    <subfield code="w">2025-07-11</subfield>
    <subfield code="y">BKS</subfield>
    <subfield code="1">0</subfield>
    <subfield code="2">ddc</subfield>
    <subfield code="4">0</subfield>
    <subfield code="7">0</subfield>
    <subfield code="0">0</subfield>
    <subfield code="a">CBEML</subfield>
    <subfield code="b">CBEML</subfield>
    <subfield code="c">GEN</subfield>
    <subfield code="d">2025-06-26</subfield>
    <subfield code="g">15000.00</subfield>
  </datafield>
  <datafield tag="952" ind1=" " ind2=" ">
    <subfield code="r">2025-07-11 11:54:11</subfield>
    <subfield code="l">0</subfield>
    <subfield code="o">657.3 IFR </subfield>
    <subfield code="p">00000013741</subfield>
    <subfield code="v">45000.00</subfield>
    <subfield code="w">2025-07-11</subfield>
    <subfield code="y">BKS</subfield>
    <subfield code="1">0</subfield>
    <subfield code="2">ddc</subfield>
    <subfield code="4">0</subfield>
    <subfield code="7">0</subfield>
    <subfield code="0">0</subfield>
    <subfield code="a">CBEML</subfield>
    <subfield code="b">CBEML</subfield>
    <subfield code="c">GEN</subfield>
    <subfield code="d">2025-06-26</subfield>
    <subfield code="g">15000.00</subfield>
  </datafield>
  <datafield tag="952" ind1=" " ind2=" ">
    <subfield code="r">2025-07-11 11:54:53</subfield>
    <subfield code="l">0</subfield>
    <subfield code="o">657.3 IFR </subfield>
    <subfield code="p">00000013743</subfield>
    <subfield code="v">45000.00</subfield>
    <subfield code="w">2025-07-11</subfield>
    <subfield code="y">BKS</subfield>
    <subfield code="1">0</subfield>
    <subfield code="2">ddc</subfield>
    <subfield code="4">0</subfield>
    <subfield code="7">0</subfield>
    <subfield code="0">0</subfield>
    <subfield code="a">CBEML</subfield>
    <subfield code="b">CBEML</subfield>
    <subfield code="c">GEN</subfield>
    <subfield code="d">2025-06-26</subfield>
    <subfield code="g">15000.00</subfield>
  </datafield>
</record>
